| 000 | 01059ny a22002893n 4500 | ||
|---|---|---|---|
| 005 | 20240305165335.0 | ||
| 008 | 031017c 9999uk p 0 eng d | ||
| 022 | _a0269-8978 | ||
| 022 | _a1534-8784 | ||
| 035 | _a3630 | ||
| 040 | _dvLex | ||
| 090 |
_c1775 _d1775 |
||
| 245 | 3 | 0 |
_aHousing Finance International _h[Recurso electrónico] |
| 256 | _aServicio en línea | ||
| 260 |
_aLondon : _bInternational Union for Housing Finance |
||
| 310 | _aTrimestral | ||
| 506 | 1 |
_aContenido solo disponible en los productos indicados _dvLex Global _dvLex Global (Academic Edition, excluding Law Schools) _dvLex Global (U.S. Academic Edition, excluding Law Schools) |
|
| 650 | 0 | 4 |
_aPréstamos hipotecarios _xPublicaciones periódicas |
| 650 | 0 | 4 |
_aVivienda _zFinanzas _xPublicaciones periódicas |
| 650 | 0 | 4 | _aFinances |
| 650 | 0 | 4 | _aInternational business/markets |
| 740 | 0 | _avLex Revista (Servicios en línea) | |
| 843 | _aElectrónica. Abierta | ||
| 853 |
_81 _i(year) _j(month) _k(day) |
||
| 856 | 4 | 0 | _uhttps://app.vlex.com/#/sources/3630 |
| 942 | _cRAA | ||
| 999 |
_c160238 _d160238 |
||